Responses for show #4374 - Thursday, September 18, 2003

Game data retrieved from an alternate archive.

Contestants

Michael Shapiro, a college teacher from Honolulu, Hawaii

Sue Phillips, a school band director from Crystal Lake, Illinois

Brian Hindelang, an electronics technician from San Antonio, Texas (whose 2-day cash winnings total $42,800)

Jeopardy! Round responses

BORN ON THE FOURTH OF JULY
WALL STREET
PLATOON
SALVADOR
THE "DOOR"s
OLIVER STONE
    $200 4
Stephen Foster

Brian
    $200 1
ticker tape

Brian
    $200 3
(Michael: What are bloodhounds?)

German Shepherds

SueMichael
    $200 26
Napoleon

Brian
    $200 16
door-to-door

Brian
    $200 21
JFK

Brian
    $400 8
Nathaniel Hawthorne

Triple Stumper
    $400 2
blue chips

Michael
    $400 12
SEALs

Brian
    $400 27
Kirk Douglas

Michael
    $400 17
doorman

Brian
    $400 22
Fidel Castro

Brian
    $1,000 9
(Brian: [No response])

Rube Goldberg

Brian
    $600 5
the pit

Brian
    $600 13
(Sue: What is a sergeant?)

second lieutenant

BrianSue
    $600 28
Picasso

Michael
    $600 18
trap door

Michael
    $600 23
Evita

Brian
    $800 10
(Brian: Who is Napoleon?)

Garibaldi

Brian
Triple Stumper
    $800 6
margin

Brian
    $800 14
a squad

Brian
    $800 29
Surrealism

Brian
    $800 19
Open Door

Sue
    $800 24
Al Pacino

Brian
    $1000 11
Gustav Klimt

Triple Stumper
    $1000 7
Merrill Lynch

Brian
    $1000 15
The Naked and the Dead

Michael
    $1000 30
(Brian: What is St. Augustine?)
(Michael: What is St. Augusta?)

St. Petersburg

BrianMichael
Triple Stumper
    $1000 20
Stage Door

Triple Stumper
    $1000 25
Juliette Lewis

Michael

Scores at the first commercial break (after clue 15):

Brian Sue Michael
$2,800 -$400 $1,200

Scores at the end of the Jeopardy! Round:

Brian Sue Michael
$5,400 $400 $2,800

Double Jeopardy! Round responses

HABITAT FOR HUMANITY
HYBRID FRUIT
19th CENTURY AMERICAN LIT
I'VE GOT THAT ALBUM!
LANGUAGES
TODAY'S FORECAST
    $400 26
Jimmy Carter

Michael
    $400 11
a kumquat

Brian
    $400 5
Uncle Tom's Cabin

Brian
    $400 1
Thriller

Brian
    $400 13
Indo-European

Michael
    $400 21
Sonny (sunny)

Brian
    $800 27
equity

Brian
    $800 12
an apricot

Michael
    $800 7
Mark Twain

Brian
    $800 2
Abbey Road

Brian
    $800 14
(Brian: What is the Congo?)

(1 of) Angola or Mozambique

Brian
Triple Stumper
    $800 22
(Brian: What is rule?)

reign (rain)

BrianMichael
    $1200 28
mortgage interest rates

Brian
    $1200 18
a pear

Michael
    $1200 8
Walden

Sue
    $1200 3
The Wall

Sue
    $1200 15
Manx

Michael
    $1200 23
Hayes (haze)

Triple Stumper
    $1600 29
a header

Brian
    $1600 19
pomelo

Michael
    $1600 9
Hester Prynne

Brian
    $1600 4
Never Mind the Bollocks

Michael
    $2,200 16
Tagalog

Michael
    $1600 24
overcast

Sue
    $2000 30
the hammer

Brian
    $2,200 20
boysenberry

Michael
    $2000 10
Natty Bumppo

Triple Stumper
    $2000 6
Tuesday Night Music Club

Triple Stumper
    $2000 17
Quechua

Michael
    $2000 25
Storm

Brian

Scores at the end of the Double Jeopardy! Round:

Brian Sue Michael
$16,200 $4,400 $17,200

[wagering suggestions for these scores]

Final Jeopardy! Round responses

ADVENTURERS
SueWho is Marco Polo?
$4,200
BrianWho is Marco Polo?
$4,800
MichaelWho is Marco Polo?
$8,300
Marco Polo

Final scores:

Brian Sue Michael
$21,000 $8,600 $25,500
2nd place: $2,000 3rd place: $1,000 New champion: $25,500

Game dynamics:

Coryat scores:

Brian Sue Michael
$17,200 $4,400 $16,400
28 R,
5 W
(including 1 DD)
5 R,
1 W
17 R
(including 2 DDs),
2 W

Combined Coryat: $38,000

The J! Archive is created by fans, for fans. The Jeopardy! game show and all elements thereof, including but not limited to copyright and trademark thereto, are the property of Jeopardy Productions, Inc. and are protected under law. This website is not affiliated with, sponsored by, or operated by Jeopardy Productions, Inc. Join the discussion at JBoard.tv.